01746nam a2200265Ia 4500001000600000003000900006008004100015040001300056040001300069041001300082100001100095100002900106245004400135245004400179250001100223260000900234260002800243260004900271300004300320500100300363650002801366650003101394700002601425700002901451E9381IT-RoPAU130308s9999 xx 000 0 und d aIT-RoPAU cIT-RoPAU aITALIANO aAA.VV. gCodice Aut. SPICS: 12000 aAbel Ferrara. La tragedia oltre il noir bAbel Ferrara. La Tragedia Oltre Il Noir a1a ed. aROMA bSorbini Stefano Editore c1997 [1° Ed.:1997 - Ed.Ling.Originale:1997] a"160 p. (prefazione: no ; testo: 160)" aMonografia Sul regista Italoamericano. Abel Ferrara si è Saputo Conquistare un Posto di rilievo nel Panorama Cinematografico Americano Contemporaneo. cineasta che Rilegge Il Noir con una Fortissima tensione Morale, Coadiuvato Sempre da Quell'Inquietante Figura di Amico sceneggiatore Filosofo Nicholas St. John. Essi Attraverso Film duri e Sconvolgenti Come King Of New York, Il Cattivo Tenente, Occhi di Serpente, ultracorpi e The Addiction Non Smettono di Scavare Dentro Il Proprio Cinema Alla Ricerca di Risposte Impossibili. Abel Ferrara parla dei Suoi Film in interviste a cura di Giona Nazzaro. Antologia Critica. Schede e Recensione dei Suoi Film: The Driller Killer, L'Angelo della Vendetta (Angel Of Vengeance), Paura su Manhattan (Fear City), China Girl, King Of New York, Il Cattivo Tenente (Bad Lieutenant), ultracorpi L'Invasione continua (Body Snatchers), Occhi di serpente (Snake Eyes), The Addiction, Fratelli (The Funeral), The Blackout. Filmografia e Videografia. Bibliografia. aAUTORI/OPERE DEL CINEMA eCodice materia Spics: 6807 aNazzaro Giona Antonio gCodice Aut. SPICS: 37287